<?xml version="1.0" encoding="UTF-8"?><?xml-stylesheet type="text/xsl" href="static/style.xsl"?><OAI-PMH xmlns="http://www.openarchives.org/OAI/2.0/" xmlns:xsi="http://www.w3.org/2001/XMLSchema-instance" xsi:schemaLocation="http://www.openarchives.org/OAI/2.0/ http://www.openarchives.org/OAI/2.0/OAI-PMH.xsd"><responseDate>2026-04-18T00:28:12Z</responseDate><request verb="GetRecord" identifier="oai:www.recercat.cat:20.500.14342/4057" metadataPrefix="marc">https://recercat.cat/oai/request</request><GetRecord><record><header><identifier>oai:recercat.cat:20.500.14342/4057</identifier><datestamp>2025-05-15T19:20:10Z</datestamp><setSpec>com_2072_482405</setSpec><setSpec>com_2072_183628</setSpec><setSpec>col_2072_482409</setSpec></header><metadata><record xmlns="http://www.loc.gov/MARC21/slim" xmlns:dcterms="http://purl.org/dc/terms/" xmlns:xsi="http://www.w3.org/2001/XMLSchema-instance" xmlns:doc="http://www.lyncode.com/xoai" xsi:schemaLocation="http://www.loc.gov/MARC21/slim http://www.loc.gov/standards/marcxml/schema/MARC21slim.xsd">
   <leader>00925njm 22002777a 4500</leader>
   <datafield ind2=" " ind1=" " tag="042">
      <subfield code="a">dc</subfield>
   </datafield>
   <datafield ind2=" " ind1=" " tag="720">
      <subfield code="a">Muñoz-Martínez, Júlia</subfield>
      <subfield code="e">author</subfield>
   </datafield>
   <datafield ind2=" " ind1=" " tag="720">
      <subfield code="a">Carrillo Álvarez, Elena</subfield>
      <subfield code="e">author</subfield>
   </datafield>
   <datafield ind2=" " ind1=" " tag="720">
      <subfield code="a">Janiszewska, Katarzyna</subfield>
      <subfield code="e">author</subfield>
   </datafield>
   <datafield ind2=" " ind1=" " tag="260">
      <subfield code="c">2023-03</subfield>
   </datafield>
   <datafield ind2=" " ind1=" " tag="520">
      <subfield code="a">Introduction: How food systems are currently provisioning food to the population is a matter of debate worldwide. Food systems, driven by widespread and increasing adherence to a westernized dietary pattern, are failing to meet people’s basic needs and are draining natural resources. There is a push to make food systems more healthy, fair, and sustainable. To this end, action from all&#xd;
players is needed to meet the international agenda. In this regard, dietitians play a crucial role, as they can provide advice and promote actions that foster the adoption of more sustainable dietary patterns (SDP) as well as the promotion of sustainable food systems. As an emerging requirement in their training, it is crucial to know what dietitians know about SDP as well as their attitudes and current practices in this field in order to strengthen their competences and be key agents for the green transition. For this reason, the aim of the present study is to explore the knowledge, attitudes, practices, and training (KAPT) of European dietitians on&#xd;
SDP by administering an online survey.&#xd;
Methods: Cross-sectional survey administered between April-August 2021 to dietitians based in the European countries with National Dietetic Associations or Education Associate Members affiliated to the European Federation of Associations of Dietitians (EFAD). Results were analyzed based on European region of professional practice (Northern/Southern/Western/South-East Europe), area of expertise and years of experience.&#xd;
Results: Responses from 2211 dietitians from 25 countries were received, although the analysis was based on those that responded at least 90% of the survey (n=208). European dietitians are lacking training on SDP but are willing to learn more about&#xd;
it. Most dietitians perceive themselves as able to define an SDP, although aspects concerning social and economic sustainability were underestimated. Dietitians concur that barriers exist to the promotion of SDP, such as the lack of updated national foodbased&#xd;
dietary guidelines and the absence of support from peers and managers. The country of professional activity seemed to be key to influencing dietitians’ KAPT.&#xd;
Discussion: These results emphasize the need to strengthen European dietitians’ training in SDP and increase public/private commitment to consider dietitians as key professionals for the transition towards SDP.</subfield>
   </datafield>
   <datafield ind1="8" ind2=" " tag="024">
      <subfield code="a">http://hdl.handle.net/20.500.14342/4057</subfield>
   </datafield>
   <datafield ind1="8" ind2=" " tag="024">
      <subfield code="a">https://doi.org/10.3389/fnut.2023.1129052</subfield>
   </datafield>
   <datafield tag="653" ind2=" " ind1=" ">
      <subfield code="a">Sistemes alimentaris</subfield>
   </datafield>
   <datafield tag="653" ind2=" " ind1=" ">
      <subfield code="a">Dietes sostenibles</subfield>
   </datafield>
   <datafield tag="653" ind2=" " ind1=" ">
      <subfield code="a">Dietistes</subfield>
   </datafield>
   <datafield tag="653" ind2=" " ind1=" ">
      <subfield code="a">Dieta planetària</subfield>
   </datafield>
   <datafield tag="653" ind2=" " ind1=" ">
      <subfield code="a">Desenvolipament sostenible</subfield>
   </datafield>
   <datafield tag="653" ind2=" " ind1=" ">
      <subfield code="a">Europa</subfield>
   </datafield>
   <datafield ind2="0" ind1="0" tag="245">
      <subfield code="a">European dietitians as key agents of the green transition: An exploratory study of their knowledge, attitudes, practices, and training</subfield>
   </datafield>
</record></metadata></record></GetRecord></OAI-PMH>